| 000 | nam a22 7a 4500 | ||
|---|---|---|---|
| 999 |
_c55644 _d55644 |
||
| 003 | OSt | ||
| 005 | 20220920162306.0 | ||
| 008 | 220920b xxu||||| |||| 00| 0 eng d | ||
| 040 | _cIIMT UNIVERSITY, MEERUT | ||
| 100 | _aACHARYA, SHRI RAM | ||
| 245 | _aSAFALTA KE SAAT SUTR- SADHAN | ||
| 260 |
_aYUG NIRMAN YOGNA _bMATHURA _c2017 |
||
| 300 | _a56 | ||
| 942 |
_2ddc _c09 |
||